Quiz sur la France - Statistiques

Statistiques générales
  • Ce quiz a été pris 263 fois
  • Le résultat moyen est 13 sur 17
Statistiques - réponses
Hint Réponse % Correct
La capitale de la france paris
100%
Nombre de coupe du monde de football de l'équipe de France 2
95%
Actuel président de la république emmanuel macron
95%
L'hymne de la France la marseillaise
95%
Le jour de la fête nationale 14 juillet
94%
Nombre de pays ayant une frontière avec la France métropolitaine 8
91%
La devise française liberté égalité fraternité
91%
Plus grande tour de France tour eiffel
90%
Année des prochains jeu olympiques d'été en France 2024
86%
Numéro du département de Paris 75
84%
Grand batiment célèbre qui a brulé en 2019 Notre Dame de Paris
81%
Nombre de médailles d'or au derniers jeu olympiques d'été 10
78%
Monument le plus visité de France le louvre
73%
Le nombre de départements de france en Europe 96
69%
Inventé en 1895 à Lyon par les frères Lumière le cinéma
65%
Chanson française la plus écouté sur Youtube Dernière danse
24%
Film français le plus vu au monde la grande vadrouille
19%
Aucun quiz correspondant
Distribution des résultats
% des personnes avec chaque résultat
Percentile par nombre de réponses
Votre historique - résultats
Vous n’avez pas pris ce quiz